00178nam a2200073 a 450000500170000000800410001705000130005824500330007120140414132008.0110303s19uu xx 00 eng d aVCDbH89 aThe Hunchback of Notre Dame.